000 00957cam a2200217 4500
001 L136624
008 070212n2005 000 0 eng u
035 _a(Sirsi) u136624
041 0 _aeng
100 1 _aZuo, Jian
245 0 0 _aProject culture
_ba move towards trust
_h[electronic resource]
260 _aBrisbane
_bQueensland University of Technology
_c2005
490 0 _aCOBRA
_v2005
520 _aDiscusses the importance of culture, especially at the project level, and the importance of trust for the purpose of tackling the adversarial relationship among project participants. Reports that a collaborative approach can help to create a positive project culture within the project team.
590 _aKA
651 4 _aInternational
690 _aConstruction management
_96230
700 1 _aMa, Tony Y.F.
856 4 8 _uhttps://www.rics.org/site/scripts/download_info.aspx?downloadID=2612
_zView free of charge on www.rics.org...
942 _n0
999 _c106457
_d106457